| 000 | 00648nam a2200229Ia 4500 | ||
|---|---|---|---|
| 003 | GCL | ||
| 008 | 140319s9999 xx 000 0 ara d | ||
| 040 |
_aGCL / _cGCL |
||
| 082 | 0 | 4 |
_a928 _bا م |
| 100 | 1 | _aاحسان عباس | |
| 245 | 1 | 0 |
_aمعجم الشعراء والشعراء الصقليين / _cاحسان عباس |
| 260 |
_a[S.N] : _bدار الغرب الاسلامى ، _c1994 |
||
| 300 | _a284 ص | ||
| 490 | _a | ||
| 650 | 0 | 4 | _aالشعر العربى |
| 650 | 0 | 4 | _aالادب العربى |
| 650 | 0 | 4 | _aالعلماء |
| 650 | 0 | 4 | _aالتراجم |
| 650 | 0 | 4 | _aالشعراء |
| 650 | 0 | 4 | _aصقلية |
| 942 |
_2ddc _cBK |
||
| 999 |
_c35038 _d35038 |
||